[Event "Match"]
[Site "www.echecsemail.com"]
[Date "2016.10.29"]
[Round "1"]
[White "Genius3"]
[Black "Krystek23"]
[WhiteElo "1650"]
[BlackElo "2330"]
[Result "0-1"]
[Round "1"]
1.c4 e5
2.Nb1c3 Ng8f6
3.g3 c6
4.Bf1g2 Bf8e7
5.d3 h6
6.Ng1f3 d6
7.O-O O-O
8.h3 Bc8e6
9.b3 Rf8e8
10.Bc1b2 Qd8d7
11.Kh2 Be7d8
12.Qd1c2 Bd8c7
13.a3 a6
14.b4 Qd7e7
15.Rf1e1 Nb8d7
16.Ra1d1 Nd7f8
17.e4 { time. }
0-1

[Event "Match"]
[Site "www.echecsemail.com"]
[Date "2016.10.29"]
[Round "1"]
[White "Pinehill"]
[Black "Chapi"]
[WhiteElo "2050"]
[BlackElo "2120"]
[Result "1-0"]
[Round "1"]
1.e4 c5
2.Ng1f3 Nb8c6
3.d4 cxd4
4.Nf3xd4 g6
5.Bc1e3 Bf8g7
6.Nb1c3 a6
7.Qd1d2 d6
8.O-O-O Ng8f6
9.f3 O-O
10.Kb1 d5
11.Nc3xd5 Nf6xd5
12.Nd4xc6 Nd5c3
13.bxc3 Qd8xd2
14.Nc6xe7 Kh8
15.Be3xd2 Bc8e6
16.c4 Rf8e8
17.Ne7d5 Ra8c8
18.Bf1d3 b5
19.cxb5 axb5
20.Bd3xb5 Rc8b8
21.c4 Re8c8
22.Rd1c1 Rb8b7
23.a4 f5
24.Bd2c3 Bg7xc3
25.Rc1xc3 fxe4
26.fxe4 Be6g4
27.Ka2 Kg7
28.Rh1f1 Bg4e6
29.Bb5a6 { resign }
1-0

[Event "Match"]
[Site "www.echecsemail.com"]
[Date "2016.10.29"]
[Round "1"]
[White "Sundar"]
[Black "Comrade"]
[WhiteElo "2140"]
[BlackElo "2180"]
[Result "0-1"]
[Round "1"]
1.d4 d5
2.e3 c5
3.Ng1f3 e6
4.Nb1d2 Ng8f6
5.Nf3e5 Nb8c6
6.Bf1b5 Bc8d7
7.Ne5xd7 Nf6xd7
8.c3 Bf8d6
9.O-O O-O
10.f4 a6
11.Bb5xc6 bxc6
12.Qd1a4 cxd4
13.cxd4 Qd8c7
14.Nd2f3 Rf8b8
15.Qa4c2 Nd7f6
16.Bc1d2 Nf6e4
17.Bd2e1 c5
18.Ra1c1 Rb8c8
19.Qc2a4 Qc7b6
20.Qa4c2 Rc8c7
21.Qc2b1 Ra8b8
22.b3 c4
23.Nf3g5 cxb3
24.Rc1xc7 Bd6xc7
25.Ng5xe4 dxe4
26.axb3 f5
27.b4 a5
28.Be1d2 Bc7d6
29.Rf1c1 Bd6xb4
30.Bd2xb4 axb4
31.Qb1b3 Kf7
32.Rc1c5 Rb8b7
33.Rc5xf5 Ke7
34.Rf5e5 Rb7d7
 { time }
0-1

[Event "Fast Game"]
[Site "www.echecsemail.com"]
[Date "2016.10.29"]
[Round "1"]
[White "Krazy4chess"]
[Black "Add"]
[WhiteElo "1929"]
[BlackElo "1980"]
[Result "1-0"]
[Round "1"]
1.e4 d5
2.exd5 Qd8xd5
3.Nb1c3 Qd5e5
4.Bf1e2 c6
5.Ng1f3 Qe5c7
6.O-O Ng8f6
7.d4 e6
8.Bc1g5 Nb8d7
9.Rf1e1 h6
10.Bg5h4 Bf8d6
11.Be2d3 g5
12.Bh4g3 Bd6xg3
13.fxg3 Nd7b6
14.Nc3e4 Nf6xe4
15.Bd3xe4 Nb6c4
16.b4 Qc7e7
17.a3 Bc8d7
18.Qd1e2 Nc4d6
19.Be4d3 O-O-O
20.Nf3e5 h5
21.c4 a6
22.a4 Rd8g8
23.b5 g4
24.bxa6 Kc7
25.c5 Nd6f5
26.Bd3xf5 exf5
27.axb7 Kxb7
28.Ra1b1 Kc7
29.Qe2d2 Rg8a8
30.Qd2f4 { resign }
1-0

[Event "Fast Game"]
[Site "www.echecsemail.com"]
[Date "2016.10.29"]
[Round "1"]
[White "Cersav"]
[Black "Fabos12"]
[WhiteElo "1599"]
[BlackElo "1460"]
[Result "0-1"]
[Round "1"]
1.e4 e5
2.Ng1f3 Nb8c6
3.Nb1c3 Bf8c5
4.d3 d6
5.Nf3g5 h6
6.Ng5f3 Bc8g4
7.Bf1e2 Nc6d4
8.O-O Nd4xe2
9.Qd1xe2 Ng8e7
10.Bc1d2 Ne7c6
 { time }
0-1

[Event "Fast Game"]
[Site "www.echecsemail.com"]
[Date "2016.10.29"]
[Round "1"]
[White "Krazy4chess"]
[Black "Attatroll"]
[WhiteElo "1910"]
[BlackElo "1880"]
[Result "0-1"]
[Round "1"]
1.e4 d6
2.d4 Ng8f6
3.Nb1c3 g6
4.Ng1f3 Bf8g7
5.Bc1e3 O-O
6.h3 Nb8c6
7.Qd1d2 a6
8.Bf1c4 b5
9.Bc4b3 Bc8b7
10.a3 Nc6a5
11.d5 Na5xb3
12.cxb3 Nf6h5
13.Nf3d4 e5
14.dxe6 Bg7xd4
15.exf7 Rf8xf7
16.Be3xd4 Qd8h4
17.g3 Nh5xg3
18.fxg3 Qh4xg3
19.Bd4f2 Qg3f3
20.Rh1f1 Ra8e8
{ resign }
0-1

[Event "Tourn. n8986"]
[Site "www.chess-mail.com"]
[Date "2016.10.30"]
[Round "1"]
[White "Francesco"]
[Black "Luban"]
[WhiteElo "1960"]
[BlackElo "1990"]
[Result "0-1"]
[Round "1"]
1.d4 d5
2.Ng1f3 e6
3.c4 h6
4.Bc1f4 Ng8f6
5.e3 Bf8b4
6.Nb1d2 Nf6e4
7.a3 Bb4xd2
8.Nf3xd2 Ne4xd2
9.Qd1xd2 a6
10.Bf4e5 O-O
11.Bf1d3 Nb8d7
12.Be5g3 dxc4
13.Bd3xc4 b5
14.Bc4b3 Bc8b7
15.O-O c5
16.dxc5 Nd7xc5
17.Qd2xd8 Ra8xd8
18.Bb3a2 Rd8d2
19.b4 Nc5e4
20.Bg3f4 Ne4c3
21.Ba2b1 Rf8d8
22.h3 Nc3e2
23.Kh2 Ne2xf4
24.exf4 Bb7d5
25.f3 Bd5c4
26.Rf1e1 Rd2f2
27.Bb1e4 Rd8d2
28.Re1g1 Bc4d5
29.Be4xd5 exd5
30.Ra1d1 d4
31.Kg3 Rf2e2
32.Rd1xd2 Re2xd2
33.f5 d3
34.Kf4 Rd2a2
35.Rg1d1 Ra2xa3
36.Ke3 Ra3b3
37.Rd1xd3 Rb3xb4
38.Rd3d4 Rb4xd4
39.Kxd4 Kf8
40.Kc5 Ke7
41.Kb6 b4
{ resign }
0-1

[Event "Tourn. n8976"]
[Site "www.chess-mail.com"]
[Date "2016.10.30"]
[Round "1"]
[White "Hundegana"]
[Black "Fieldfast"]
[WhiteElo "2040"]
[BlackElo "2119"]
[Result "0-1"]
[Round "1"]
1.f4 d5
2.Ng1f3 Ng8f6
3.d3 g6
4.g3 Bf8g7
5.Bf1g2 O-O
6.O-O c5
7.b3 Nb8c6
8.Bc1b2 b6
9.Rf1e1 Qd8c7
10.Bg2h3 Bc8xh3
11.Nf3g5 Bh3d7
12.Kg2 Nf6g4
13.e3 Bg7xb2
14.Nb1d2 Bb2xa1
15.Qd1xa1 d4
16.exd4 Nc6xd4
17.Re1xe7 Bd7c6
18.Re7e4 Bc6xe4
19.dxe4 Ng4e3
20.Kh1 Qc7d7
21.c3 Nd4c2
22.Qa1c1 h6
23.Ng5f3 Ra8d8
24.a4 Qd7d3
25.c4 Qd3e2
26.Qc1g1 Rd8xd2
27.e5 Qe2xf3
{ resign }
0-1

[Event "Tourn. n8934"]
[Site "www.chess-mail.com"]
[Date "2016.10.30"]
[Round "1"]
[White "Passaroa25"]
[Black "Mao"]
[WhiteElo "1540"]
[BlackElo "1680"]
[Result "0-1"]
[Round "1"]
1.e4 c5
2.c3 Nb8c6
3.Ng1e2 Ng8f6
4.f3 d5
5.Ne2g3 dxe4
6.Bf1e2 exf3
7.Be2xf3 Nc6e5
8.d3 Ne5xd3
9.Kf1 e6
10.Nb1a3 Nd3xc1
11.Qd1xc1 Bf8d6
12.Kf2 Qd8c7
13.Rh1e1 O-O
14.Na3b5 Qc7b6
15.c4 a6
16.Nb5xd6 Qb6xd6
17.Kg1 Ra8b8
18.b3 Bc8d7
19.Ng3e4 Nf6xe4
20.Bf3xe4 Bd7c6
21.Qc1c2 Qd6d4
22.Qc2f2 Bc6xe4
23.Qf2xd4 cxd4
24.Re1xe4 d3
25.Re4d4 Rb8d8
26.Ra1d1 Rd8xd4
27.Kf1 d2
28.g3 e5
29.Ke2 Rf8d8
30.h4 e4
31.a4 Rd4d3
32.Rd1xd2 Rd3xd2
33.Ke3 Rd2d3
34.Kxe4 Rd3xb3
35.c5 Rb3xg3
36.Ke5 f6
37.Ke4 Rd8e8
38.Kd4 f5
39.Kc4 f4
40.c6 bxc6
41.Kc5 f3
42.Kxc6 f2
43.Kd7 Re8e2
{ resign }
0-1

[Event "Tourn. n9025"]
[Site "www.chess-mail.com"]
[Date "2016.10.30"]
[Round "1"]
[White "Roque1"]
[Black "Manuelito"]
[WhiteElo "1650"]
[BlackElo "1710"]
[Result "1-0"]
[Round "1"]
1.e4 e5
2.Ng1f3 Nb8c6
3.Bf1b5 a6
4.Bb5a4 Ng8f6
5.Nb1c3 b5
6.Ba4b3 Bc8b7
7.O-O Bf8b4
8.d3 Bb4xc3
9.bxc3 O-O
10.Bc1a3 d6
11.c4 bxc4
12.Bb3xc4 Nc6d4
13.c3 Nd4xf3
14.Qd1xf3 c5
15.Ra1d1 Qd8a5
16.Ba3b2 Qa5xa2
17.Bc4xa2 Rf8d8
18.Qf3g3 Ra8b8
19.f4 exf4
20.Rf1xf4 Bb7xe4
21.Rf4xf6 Rb8xb2
22.Ba2xf7 Kh8
23.dxe4 gxf6
24.Rd1xd6 Rd8f8
25.Rd6xf6 { resign }
1-0

[Event "Tourn. n8981"]
[Site "www.chess-mail.com"]
[Date "2016.10.30"]
[Round "1"]
[White "Norlavuaram"]
[Black "Libiesse"]
[WhiteElo "2160"]
[BlackElo "2020"]
[Result "1/2-1/2"]
[Round "1"]
1.e4 c5
2.Ng1f3 e6
3.d4 cxd4
4.Nf3xd4 Ng8f6
5.Bf1d3 Nb8c6
6.Bc1e3 Bf8e7
7.Nb1d2 d6
8.c4 O-O
9.a3 a6
10.O-O Bc8d7
11.Ra1c1 Ra8c8
12.b4 Nc6xd4
13.Be3xd4 Bd7c6
14.a4 d5
15.exd5 exd5
16.c5 Qd8d7
17.Rc1a1 Rf8e8
18.Qd1b3 Qd7g4
19.Nd2f3 Nf6h5
20.h3 Qg4d7
21.b5 axb5
22.axb5 Nh5f4
23.bxc6 Nf4xh3
24.Kh1 Nh3xf2
25.Rf1xf2 Qd7xc6
26.Ra1c1 Qc6h6
27.Kg1 Qh6xc1
28.Rf2f1 Qc1h6
29.Rf1e1 Rc8xc5
30.Bd3b5 Rc5xb5
31.Qb3xb5 Qh6c6
32.Qb5b2 f6
33.Re1c1 Qc6a6
34.Rc1c7 Kf8
35.Rc7xb7 Qa6d3
36.Rb7b8 Qd3d1
37.Kh2 Be7d6
38.Bd4e5 Bd6xb8
39.Be5xb8 Qd1e2
40.Qb2xe2 Re8xe2
41.Bb8d6 Kf7
42.Nf3d4 Re2e4
43.Bd6c5 g6
44.Nd4f3 h6
45.Kg3 h5
46.Kf2 Re4c4
47.Bc5e3 Rc4c2
48.Kg3 g5
49.Nf3d4 h4
50.Kf3 Rc2c4
51.Nd4f5 Rc4c3
52.Kf2 Rc3c2
53.Kf3 Rc2c3
54.Kf2 Rc3c2
55.Kf3 Kg6
56.Nf5e7 Kh5
57.Ne7xd5 g4
58.Kf4 Rc2xg2
59.Nd5xf6 Kg6
60.Nf6xg4 h3
61.Ng4e5 Kh5
62.Ne5f3 h2
63.Nf3xh2 Rg2xh2
64.Kf5 Rh2g2
65.Be3c1 Rg2f2
66.Ke4 Kg4
67.Bc1h6 Rf2e2
68.Kd3 Kf3
69.Kd4 Re2e6
70.Bh6f8 Kf4
71.Bf8a3 Re6e8
72.Ba3c1 Kf3
73.Bc1a3 Re8e4
74.Kd5 Kf4
75.Ba3c1 Kf5
76.Bc1b2 Re4e2
77.Bb2c3 Re2e8
78.Bc3b4 Re8d8
79.Kc4 Ke4
80.Bb4c3 Rd8c8
81.Kb3 Kd3
82.Bc3e5 Rc8c6
83.Kb4 Rc6c4
84.Kb5 Rc4h4
85.Kc6 Ke4
86.Be5b2 Rh4h5
87.Bb2c3 Kd3
88.Bc3g7 Rh5g5
{ draw }
1/2-1/2

[Event "Tourn. n9007"]
[Site "www.chess-mail.com"]
[Date "2016.10.30"]
[Round "1"]
[White "Cal"]
[Black "Redabond"]
[WhiteElo "1680"]
[BlackElo "1670"]
[Result "1-0"]
[Round "1"]
1.d4 d5
2.e3 Bc8f5
3.Nb1c3 e6
4.a3 Nb8c6
5.h3 Ng8f6
6.Ng1f3 Bf8d6
7.b4 O-O
8.Bc1b2 a5
9.b5 Nc6e7
10.a4 b6
11.Nf3h4 Bd6b4
12.Qd1d2 Bb4xc3
13.Bb2xc3 Nf6e4
14.Qd2d3 Ne4xf2
15.Kxf2 Bf5xd3
16.cxd3 Ne7f5
17.Nh4f3 Qd8d6
18.Bf1e2 Qd6g3
19.Kg1 Nf5xe3
20.Nf3e5 Ne3f5
21.Be2f3 f6
22.Ne5c6 Nf5h4
23.Kf1 Nh4xf3
24.gxf3 Qg3xf3
25.Kg1 Qf3xd3
26.Bc3e1 Qd3e3
27.Be1f2 Qe3g5
28.Kf1 e5
29.Nc6e7 Kf7
30.Ne7xd5 exd4
31.Rh1g1 Qg5xd5
32.Ra1c1 d3
33.Rc1xc7 Kg8
34.Rg1xg7 Kh8
35.Rg7xh7 { resign }
1-0

[Event "Match"]
[Site "www.echecsemail.com"]
[Date "2016.10.30"]
[Round "1"]
[White "Stanch3vv"]
[Black "Chapi"]
[WhiteElo "1499"]
[BlackElo "2130"]
[Result "0-1"]
[Round "1"]
1.e4 c5
2.Ng1f3 Nb8c6
3.d4 cxd4
4.Nf3xd4 g6
5.Nd4xc6 bxc6
6.Qd1d4 Ng8f6
7.e5 Nf6h5
8.e6 Bf8g7
9.exf7 Kxf7
10.Qd4c4 e6
11.Bf1e2 Nh5f6
12.O-O Qd8b6
13.Nb1d2 Rh8f8
14.Nd2f3 a5
15.Qc4h4 Kg8
16.Ra1b1 d5
17.Bc1e3 Qb6c7
18.Be3d4 Nf6h5
19.Bd4xg7 Kxg7
20.Qh4d4 Kg8
21.Rf1e1 Nh5f4
22.Be2f1 c5
23.Qd4e5 Qc7xe5
24.Nf3xe5 a4
25.g3 Nf4h5
26.Bf1h3 Nh5f6
27.Ne5c6 Nf6e4
28.Nc6e7 Kf7
 { time }
0-1

[Event "Match"]
[Site "www.echecsemail.com"]
[Date "2016.10.30"]
[Round "1"]
[White "Ranjachess"]
[Black "Rindrandria"]
[WhiteElo "1760"]
[BlackElo "1660"]
[Result "1/2-1/2"]
[Round "1"]
1.d4 e6
2.a3 f5
3.Bc1f4 g5
4.Bf4e5 Ng8f6
5.e3 Bf8h6
6.d5 exd5
7.Be5xf6 Qd8xf6
8.c3 c6
9.Qd1d4 Qf6f8
10.Bf1d3 Bh6g7
11.Qd4a4 a5
12.Ng1f3 g4
13.Nf3h4 d6
14.O-O Qf8f6
15.g3 O-O
16.f3 Qf6e7
17.Qa4f4 Bc8e6
18.Bd3xf5 Be6xf5
19.Nh4xf5 Qe7e6
20.fxg4 Rf8f6
21.Qf4xd6 Qe6xd6
22.Nf5xd6 Rf6xd6
23.Nb1d2 a4
24.e4 d4
25.Nd2c4 Rd6g6
26.Ra1d1 c5
27.Rf1f4 Nb8c6
28.b4 b5
29.Nc4b6 Ra8a6
30.bxc5 dxc3
31.Nb6d5 c2
32.Rd1c1 Bg7h6
33.Rc1xc2 Bh6xf4
34.gxf4 Rg6xg4
35.Rc2g2 Rg4xg2
36.Kxg2 Nc6d4
37.Nd5b4 Ra6g6
38.Kf2 Rg6g4
39.e5 Rg4xf4
40.Ke3 Rf4h4
41.c6 Nd4e6
42.Nb4d5 Rh4h3
43.Ke4 b4
44.Nd5xb4 Rh3h4
45.Kd5 Ne6c7
46.Kd6 Nc7b5
47.Kd7 Rh4d4
48.Kc8 Rd4xb4
49.axb4 a3
50.e6 Nb5a7
51.Kd7 Na7xc6
52.Kxc6 a2
53.e7 Kf7
54.Kd7 a1Q
55.e8Q Kg7
56.Qe8e7 Kh6
57.b5 Qa1a7
58.Ke8 Qa7b8
59.Qe7d8 Qb8xb5
60.Kf7 Kh5
61.h4 Qb5c4
62.Kg7 h6
63.Qd8e8 Kxh4
64.Kxh6 Qc4c6
{ draw }
1/2-1/2

[Event "Match"]
[Site "www.echecsemail.com"]
[Date "2016.10.30"]
[Round "1"]
[White "Witpar"]
[Black "Ericleo1980"]
[WhiteElo "2640"]
[BlackElo "2130"]
[Result "1/2-1/2"]
[Round "1"]
1.d4 d5
2.c4 c6
3.Ng1f3 Ng8f6
4.e3 Bc8f5
5.Nb1c3 e6
6.Nf3h4 Bf5g6
7.Nh4xg6 hxg6
8.Bc1d2 Bf8d6
9.Qd1f3 Nb8d7
10.Bf1d3 a5
11.g3 a4
12.cxd5 exd5
13.O-O O-O
14.Qf3d1 a3
15.Ra1b1 b5
16.b3 Rf8e8
17.Rb1c1 Nd7f8
18.Qd1f3 Qd8d7
19.Rc1c2 Nf8e6
20.h4 Ra8c8
21.g4 Bd6b8
22.g5 Qd7d6
23.Rf1c1 Qd6h2
24.Kf1 Nf6e4
25.Nc3xe4 dxe4
26.Bd3xe4 Qh2xh4
27.Be4xc6 Ne6xg5
28.Qf3g2 Re8e6
29.Rc2c5 Ng5h7
30.Bc6d7 Rc8xc5
31.Rc1xc5 Re6b6
32.Rc5c8 Nh7f8
33.Bd2b4 Bb8d6
34.Bb4xd6 Rb6xd6
35.Rc8xf8 Kxf8
36.Qg2a8 { draw }
1/2-1/2

[Event "Match"]
[Site "www.echecsemail.com"]
[Date "2016.10.30"]
[Round "1"]
[White "Sonny1000"]
[Black "Susov"]
[WhiteElo "1350"]
[BlackElo "1850"]
[Result "0-1"]
[Round "1"]
1.e4 e5
2.Ng1f3 Nb8c6
3.h4 Ng8f6
4.Nf3g5 d5
5.Bf1d3 d4
6.Bd3b5 Bc8d7
7.h5 Nf6g4
8.d3 Qd8f6
9.Bb5xc6 Qf6xf2
{ resign }
0-1

[Event "Match"]
[Site "www.echecsemail.com"]
[Date "2016.10.30"]
[Round "1"]
[White "Mitja"]
[Black "Guidom"]
[WhiteElo "1980"]
[BlackElo "2170"]
[Result "1/2-1/2"]
[Round "1"]
1.d4 d5
2.e3 c6
3.h3 Bc8f5
4.c3 e6
5.Nb1d2 Ng8f6
6.Nd2b3 Bf8d6
7.Ng1f3 O-O
8.Bf1e2 Nb8d7
9.Nf3h4 Bf5g6
10.Nh4xg6 hxg6
11.Nb3d2 e5
12.dxe5 Nd7xe5
13.Nd2f3 Rf8e8
14.Nf3xe5 Bd6xe5
15.Be2f3 Qd8b6
16.O-O Ra8d8
17.Qd1c2 Be5b8
18.b3 c5
19.Bc1b2 Nf6e4
20.c4 Qb6d6
21.g3 Ne4xg3
22.fxg3 Qd6xg3
23.Qc2g2 Qg3h4
24.cxd5 Re8xe3
25.Qg2g4 Qh4xg4
26.hxg4 b6
27.Ra1e1 Rd8e8
28.Re1xe3 Re8xe3
29.Kf2 Re3e8
30.Bb2c3 g5
31.Bc3d2 f6
32.a4 Bb8d6
33.Rf1e1 { draw }
1/2-1/2

[Event "Match"]
[Site "www.echecsemail.com"]
[Date "2016.10.30"]
[Round "1"]
[White "Redabond"]
[Black "Ericleo1980"]
[WhiteElo "1680"]
[BlackElo "2190"]
[Result "0-1"]
[Round "1"]
1.d4 d5
2.Bc1f4 Ng8f6
3.Nb1c3 c6
4.Ng1f3 Bc8f5
5.e3 e6
6.Bf1d3 Bf5g6
7.O-O Bf8d6
8.Bf4g5 Nb8d7
9.Bd3xg6 hxg6
10.Rf1e1 Qd8c7
11.e4 dxe4
12.Bg5xf6 Bd6xh2
13.Kf1 exf3
14.Bf6e5 fxg2
15.Kxg2 Bh2xe5
16.dxe5 Nd7xe5
17.Qd1d4 Rh8h5
18.Re1h1 Ra8d8
19.Qd4e3 Ne5g4
20.Qe3xa7 Rh5h2
21.Rh1xh2 Qc7xh2
22.Kf3 Ng4e5
23.Ke2 Qh2h5
24.Ke3 Qh5f3
{ resign }
0-1

[Event "Match"]
[Site "www.echecsemail.com"]
[Date "2016.10.30"]
[Round "1"]
[White "Genius3"]
[Black "Jjmcbride"]
[WhiteElo "1650"]
[BlackElo "1380"]
[Result "1-0"]
[Round "1"]
1.g4 b6
2.Bf1g2 c6
3.d3 e5
4.h3 d5
5.Ng1f3 Bf8d6
6.O-O d4
7.Nb1d2 h6
8.Nd2e4 Nb8d7
9.Ne4xd6 Kf8
10.Nd6xc8 Ra8xc8
11.c3 Qd8e7
12.cxd4 exd4
{ time. }
1-0

[Event "Fast Game"]
[Site "www.echecsemail.com"]
[Date "2016.10.30"]
[Round "1"]
[White "Ztornad"]
[Black "Fabos12"]
[WhiteElo "1489"]
[BlackElo "1460"]
[Result "0-1"]
[Round "1"]
1.d4 Ng8f6
2.Ng1f3 d5
3.Nb1c3 Bc8f5
4.Nf3h4 Bf5g6
5.Nh4xg6 hxg6
6.e3 e6
7.Bf1b5 Nb8d7
8.Qd1f3 a6
9.Bb5e2 Bf8b4
10.a3 Bb4a5
11.b4 Ba5b6
12.b5 a5
13.Nc3a4 Bb6a7
 { time }
0-1

[Event "Tourn. n8998"]
[Site "www.chess-mail.com"]
[Date "2016.10.31"]
[Round "1"]
[White "Albertf"]
[Black "Aalekhine"]
[WhiteElo "1700"]
[BlackElo "1499"]
[Result "0-1"]
[Round "1"]
1.e4 e5
2.Ng1f3 Nb8c6
3.Bf1c4 Bf8c5
4.Nb1c3 Ng8f6
5.d3 O-O
6.O-O d6
7.Bc1e3 Bc5xe3
8.fxe3 a6
9.d4 exd4
10.Nf3xd4 Nc6e5
11.Bc4b3 c6
12.Nd4f5 Bc8xf5
13.exf5 d5
14.Qd1d2 Nf6e4
15.Nc3xe4 dxe4
16.Qd2c3 Ne5g4
17.Ra1d1 Qd8f6
18.Qc3xf6 Ng4xf6
19.h3 Ra8d8
20.c3 b5
21.a3 c5
22.g4 c4
23.Bb3c2 h6
24.Kg2 Rd8d7
25.Rd1xd7 Nf6xd7
26.Kg3 Rf8e8
27.Rf1d1 Nd7c5
28.Rd1d5 Nc5d3
29.b3 Nd3c1
30.bxc4 bxc4
31.Rd5d4 Nc1e2
{ resign }
0-1

[Event "Tourn. n9025"]
[Site "www.chess-mail.com"]
[Date "2016.10.31"]
[Round "1"]
[White "Ranjachess"]
[Black "Redabond"]
[WhiteElo "1760"]
[BlackElo "1700"]
[Result "0-1"]
[Round "1"]
1.d4 d5
2.Nb1c3 Bc8f5
3.e3 Nb8c6
4.a3 e6
5.Bf1b5 Qd8d6
6.Qd1f3 Bf5xc2
7.e4 O-O-O
8.e5 Qd6d7
9.Bc1g5 Bf8e7
10.Bg5xe7 Ng8xe7
11.Qf3xf7 Rh8g8
12.Bb5xc6 Ne7xc6
13.Qf7xd7 Rd8xd7
14.Ng1f3 Bc2e4
15.O-O-O Be4xf3
16.gxf3 Rd7f7
17.f4 Rf7xf4
18.Rd1f1 Nc6xd4
19.h4 Rg8f8
20.Kd2 Rf4xf2
21.Rf1xf2 Rf8xf2
22.Ke3 Rf2xb2
23.Kxd4 Kd7
24.Rh1b1 Rb2h2
25.Rb1xb7 Rh2xh4
26.Kc5 Rh4c4
27.Kb5 Rc4xc3
28.a4 Rc3b3
29.Ka6 Rb3xb7
30.Kxb7 d4
31.a5 d3
32.a6 d2
33.Kxa7 d1Q
34.Kb8 Qd1a4
35.a7 Qa4xa7
36.Kxa7 c5
37.Kb6 c4
38.Kc5 c3
39.Kd4 c2
40.Ke4 c1Q
41.Kf3 Qc1c4
42.Kg3 Kc6
43.Kh3 Kd5
44.Kg3 Kxe5
45.Kf3 Qc4e4
46.Kg3 Kf5
47.Kh3 Qe4f4
48.Kg2 Qf4e3
49.Kh2 Qe3f3
50.Kg1 Qf3e2
51.Kh1 Kg4
52.Kg1 Kg3
{ resign }
0-1

[Event "Tourn. n8988"]
[Site "www.chess-mail.com"]
[Date "2016.10.31"]
[Round "1"]
[White "Taxrama"]
[Black "Falcoale"]
[WhiteElo "1820"]
[BlackElo "1610"]
[Result "0-1"]
[Round "1"]
1.e4 c5
2.Ng1f3 e6
3.Bf1c4 Nb8c6
4.c3 Ng8f6
5.Qd1e2 b6
6.O-O Bc8b7
7.e5 Nf6d5
8.d4 cxd4
9.cxd4 Nc6b4
10.a3 Nb4c6
11.Bc1g5 Nc6e7
12.Nb1d2 Qd8b8
13.Nd2e4 Ne7g6
14.g3 h6
15.Bg5d2 Bf8e7
16.Bc4b5 a6
17.Bb5a4 b5
18.Ba4b3 O-O
19.Ra1c1 f6
20.Bb3c2 fxe5
21.Ne4g5 Be7xg5
22.Bd2xg5 hxg5
23.Nf3xg5 Ng6f4
24.Qe2g4 Nd5f6
25.Qg4h4 Nf4e2

0-1

[Event "Tourn. n8980"]
[Site "www.chess-mail.com"]
[Date "2016.10.31"]
[Round "1"]
[White "Rons"]
[Black "Goofy"]
[WhiteElo "2520"]
[BlackElo "2330"]
[Result "1-0"]
[Round "1"]
1.e4 e5
2.Ng1f3 Nb8c6
3.Bf1b5 a6
4.Bb5a4 Ng8f6
5.O-O Bf8e7
6.Rf1e1 b5
7.Ba4b3 O-O
8.c3 d6
9.h3 Nc6b8
10.d4 Nb8d7
11.Nb1d2 Bc8b7
12.Bb3c2 Rf8e8
13.Nd2f1 Be7f8
14.Nf1g3 g6
15.a4 c5
16.d5 c4
17.Bc1g5 Nd7c5
18.Qd1d2 Bf8e7
19.Bg5h6 Nf6d7
20.Nf3h2 Nd7b6
21.axb5 axb5
22.Nh2g4 Nb6a4
23.Bh6e3 Na4xb2
24.Ra1xa8 Qd8xa8
25.Be3xc5 dxc5
26.Re1b1 { resign }
1-0

[Event "Tourn. n8983"]
[Site "www.chess-mail.com"]
[Date "2016.10.31"]
[Round "1"]
[White "Cal"]
[Black "Albertf"]
[WhiteElo "1660"]
[BlackElo "1700"]
[Result "0-1"]
[Round "1"]
1.d4 d5
2.h3 e6
3.a3 c6
4.Nb1c3 Ng8f6
5.e3 Nb8d7
6.Ng1f3 Bf8d6
7.Bf1d3 Qd8c7
8.b4 b5
9.O-O O-O
10.Qd1e2 a5
11.Bc1b2 axb4
12.axb4 Bc8b7
13.Qe2d2 Ra8xa1
14.Rf1xa1 Bd6xb4
15.Nf3h2 c5
16.dxc5 Nd7xc5
17.Ra1a7 Rf8a8
18.Ra7xa8 Bb7xa8
19.Bd3xb5 Nc5e4
20.Nc3xe4 Bb4xd2
21.Ne4xf6 gxf6
22.Bb2xf6 Qc7xc2
23.Nh2f1 Qc2c1
24.g3 Bd2c3
25.Bf6xc3 Qc1xc3
26.Kg2 d4
27.Kg1 d3
28.g4 d2
29.Bb5e2 Qc3c6
30.f3 Qc6c1
31.Kg2 d1Q
32.Be2xd1 Qc1xd1
33.e4 Qd1e2
{ resign }
0-1

[Event "Tourn. n9027"]
[Site "www.chess-mail.com"]
[Date "2016.10.31"]
[Round "1"]
[White "Panham"]
[Black "Norlavuaram"]
[WhiteElo "2190"]
[BlackElo "2210"]
[Result "1-0"]
[Round "1"]
1.e4 e5
2.Ng1f3 Nb8c6
3.Bf1c4 Bf8e7
4.O-O Ng8f6
5.d3 O-O
6.c3 h6
7.h3 d6
8.Bc4b3 Nc6a5
9.Bb3c2 c5
10.d4 Qd8c7
11.Rf1e1 b6
12.Nb1d2 Bc8d7
13.b3 Ra8c8
14.Bc1b2 cxd4
15.Nd2c4 Na5xc4
16.bxc4 dxc3
17.Bb2xc3 Qc7xc4
18.Re1e3 Qc4a6
19.Bc2b3 Rc8c7
20.Bc3b2 Rf8c8
21.Nf3e1 Bd7c6
22.f3 Nf6d7
23.Ne1d3 Qa6b7
24.Nd3b4 Nd7c5
25.Nb4xc6 { resign }
1-0

[Event "Tourn. n9034"]
[Site "www.chess-mail.com"]
[Date "2016.10.31"]
[Round "1"]
[White "Prize640"]
[Black "Norlavuaram"]
[WhiteElo "2219"]
[BlackElo "2200"]
[Result "1-0"]
[Round "1"]
1.e4 e5
2.Ng1f3 Nb8c6
3.Bf1c4 Bf8e7
4.c3 Ng8f6
5.d3 d6
6.Bc4b3 O-O
7.Nb1d2 Nc6a5
8.Bb3c2 c5
9.O-O Na5c6
10.Rf1e1 b5
11.Nd2f1 Rf8e8
12.Nf1g3 Be7f8
13.a4 Bc8b7
14.axb5 Nc6b8
15.Ng3f5 Qd8c7
16.Bc2b3 h6
17.Nf3h4 Kh7
18.Qd1f3 Nf6g8
19.Nf5xd6 Re8e7
20.Nd6xf7 { resign }
1-0

[Event "Tourn. n9004"]
[Site "www.chess-mail.com"]
[Date "2016.10.31"]
[Round "1"]
[White "Attatroll"]
[Black "Picifarkinca"]
[WhiteElo "1930"]
[BlackElo "1920"]
[Result "0-1"]
[Round "1"]
1.d4 c6
2.Ng1f3 d5
3.Bc1f4 Ng8f6
4.e3 Qd8b6
5.Nb1c3 Qb6xb2
6.Nc3e2 Nb8d7
7.Ne2g3 e6
8.a3 Qb2c3
9.Nf3d2 Bf8xa3
10.Ng3e2 Qc3b4
11.Qd1b1 Qb4xb1
12.Ra1xb1 O-O
13.Nd2b3 Ba3e7
14.Nb3a5 Nd7b6
15.Ne2c3 Nf6d7
16.Bf1d3 f6
17.O-O e5
18.dxe5 fxe5
19.Bf4g3 Be7f6
20.Bd3f5 Ra8b8
21.Rb1a1 Rb8a8
22.Ra1b1 g6
23.Bf5xd7 Nb6xd7
24.Na5xb7 Nd7b6
25.Nb7d6 Rf8d8
26.Nd6xc8 Ra8xc8
27.Rf1d1 e4
28.Nc3e2 Rd8d7
29.Ne2f4 Kf7
30.h3 Rc8d8
31.Nf4e2 c5
32.Ne2f4 g5
33.Nf4e2 h5
34.Ne2c1 d4
35.Nc1b3 Rd8c8
36.exd4 cxd4
37.Nb3c5 Rc8xc5
38.Bg3b8 Rc5xc2
39.Bb8xa7 Rd7xa7
40.Rb1xb6 d3
41.Kf1 Rc2xf2
42.Kg1 Bf6d4
43.Rb6b4 Rf2d2
{ resign }
0-1

[Event "Tourn. n9016"]
[Site "www.chess-mail.com"]
[Date "2016.10.31"]
[Round "1"]
[White "Awfen"]
[Black "Picifarkinca"]
[WhiteElo "2100"]
[BlackElo "1950"]
[Result "0-1"]
[Round "1"]
1.e4 c6
2.Ng1f3 d5
3.exd5 cxd5
4.d4 Ng8f6
5.Bf1d3 e6
6.O-O Nb8c6
7.c4 dxc4
8.Bd3xc4 a6
9.Nb1c3 b5
10.Bc4b3 Bc8b7
11.Bc1g5 Bf8e7
12.Qd1d3 h6
13.Bg5e3 O-O
14.a3 Ra8c8
15.Bb3c2 e5
16.Nc3e4 Nf6xe4
17.Qd3xe4 f5
18.Qe4d3 e4
19.Qd3b3 Kh7
20.Nf3e5 Nc6xd4
21.Be3xd4 Qd8xd4
22.Ne5f7 Bb7d5
{ resign }
0-1

[Event "Tourn. n8965"]
[Site "www.chess-mail.com"]
[Date "2016.10.31"]
[Round "1"]
[White "Cernunnoss"]
[Black "Genius5"]
[WhiteElo "1609"]
[BlackElo "1620"]
[Result "1-0"]
[Round "1"]
1.e4 e6
2.d4 d5
3.Nb1c3 Ng8f6
4.Bc1g5 dxe4
5.Nc3xe4 Nb8d7
6.Ng1f3 Bf8e7
7.Ne4xf6 Be7xf6
8.h4 h6
9.Bg5xf6 Nd7xf6
10.Qd1d2 O-O
11.O-O-O c6
12.Bf1d3 b6
13.Nf3e5 Bc8b7
14.g4 c5
15.Rh1g1 Qd8xd4
{ time. }
1-0

[Event "Match"]
[Site "www.echecsemail.com"]
[Date "2016.10.31"]
[Round "1"]
[White "Krazy4chess"]
[Black "Llord"]
[WhiteElo "1959"]
[BlackElo "1870"]
[Result "1-0"]
[Round "1"]
1.e4 e5
2.Ng1f3 Nb8c6
3.Bf1b5 Bf8d6
4.O-O a6
5.Bb5a4 b5
6.Ba4b3 Ng8f6
7.d3 O-O
8.Nb1c3 Bd6c5
9.Bc1g5 h6
10.Bg5h4 Bc5e7
11.Nc3d5 Nf6xd5
12.exd5 Nc6d4
13.Bh4xe7 Nd4xf3
14.Qd1xf3 Qd8xe7
15.d6 Qe7xd6
16.Qf3xa8 c6
17.Qa8a7 Qd6g6
18.Qa7e3 d5
19.Qe3xe5 Bc8h3
20.Qe5g3 Bh3g4
21.f3 Bg4f5
22.Qg3xg6 Bf5xg6
23.Rf1e1 a5
24.a4 b4
25.d4 Rf8c8
26.c3 bxc3
27.bxc3 Rc8b8
28.Bb3a2 Kh8
29.Ba2b1 Bg6h7
30.Bb1xh7 Kxh7
31.Ra1b1 Rb8c8
32.Re1e7 f6
33.Rb1b7 c5
34.Re7xg7 Kh8
35.dxc5 Rc8xc5
36.Rg7c7 { resign }
1-0

[Event "Match"]
[Site "www.echecsemail.com"]
[Date "2016.10.31"]
[Round "1"]
[White "Karlgrocer"]
[Black "Stanch3vv"]
[WhiteElo "2020"]
[BlackElo "1499"]
[Result "1-0"]
[Round "1"]
1.Ng1f3 d5
2.d4 Ng8f6
3.e3 Bc8f5
4.Bf1e2 Qd8d6
5.O-O Nb8d7
6.Nb1d2 e5
7.dxe5 Nd7xe5
8.Nf3d4 Bf5d7
9.b3 c5
10.Nd4f3 Ne5xf3
11.Be2xf3 Qd6c7
12.Bc1b2 Bd7c6
13.c4 O-O-O
14.Qd1c2 Bf8e7
15.Ra1c1 d4
16.exd4 cxd4
17.Bf3xc6 Qc7xc6
18.Nd2f3  { time }
1-0

[Event "Match"]
[Site "www.echecsemail.com"]
[Date "2016.10.31"]
[Round "1"]
[White "Sundar"]
[Black "Geodad5"]
[WhiteElo "2150"]
[BlackElo "2140"]
[Result "0-1"]
[Round "1"]
1.d4 d5
2.c4 e6
3.e3 Ng8f6
4.Ng1f3 Bf8e7
5.Nb1d2 O-O
6.b3 c5
7.Bc1b2 cxd4
8.exd4 Nb8c6
9.Bf1e2 Bc8d7
10.O-O Ra8c8
11.c5 Qd8a5
12.a3 Qa5c7
13.b4 b6
14.b5 Nc6a5
15.c6 Bd7e8
16.Nf3e5 h6
17.f4 Nf6h7
18.Be2d3 f6
19.Ne5g6 Be8xg6
20.Bd3xg6 f5
21.Qd1e2 Rf8f6
22.Bg6h5 g6
23.Bh5f3 g5
24.fxg5 hxg5
25.g4 f4
26.h4 gxh4
27.Kf2 Rf6h6
28.Rf1h1 Nh7g5
29.Bb2c3 Be7f6
30.Qe2d3 h3
31.Rh1h2 Qc7g7
32.Bf3h1 Kf7
33.Ra1d1 Rh6h4
34.Bh1f3 Ng5xf3
35.Nd2xf3 Rh4xg4
36.Rh2xh3 Rg4g2
 { time }
0-1